00449pam a2200181 a 4500001000800000005001700008008004100025010001700066020002500083040001800108041000800126080001500134082001900149100000700168101000800175245005400183504003000237375150820180124084736.0821018s1983 nyu b 001 0 eng  a 82019040  a0030628776 :c$27.95 aDLCcDLCdDLC aeng a332.46 MAC00a332.46 MAC2191 a52 aEKO10aMonetarism, theory and policy /cGeorge Macesich. aBibliography: p. 237-263.